Los Borgia : (Registro nro. 6432)

Detalles MARC
000 -LEADER
fixed length control field 01919nam a22003257a 4500
003 - CONTROL NUMBER IDENTIFIER
control field OSt
005 - DATE AND TIME OF LATEST TRANSACTION
control field 20250421161305.0
008 - FIXED-LENGTH DATA ELEMENTS--GENERAL INFORMATION
fixed length control field 200204s2017 ck ||||er|||| 00| f spa d
020 ## - INTERNATIONAL STANDARD BOOK NUMBER
International Standard Book Number 9789584253514
040 ## - CATALOGING SOURCE
Original cataloging agency CO-JMCR
Transcribing agency CO-JMCR
041 1# - LANGUAGE CODE
Language code of text/sound track or separate title spa
Language code of original eng
082 ## - DEWEY DECIMAL CLASSIFICATION NUMBER
Classification number A-N
Item number PUZb
100 1# - MAIN ENTRY--PERSONAL NAME
Personal name Puzo, Mario,
Relator term autor
9 (RLIN) 168
245 14 - TITLE STATEMENT
Title Los Borgia :
Remainder of title la primera gran familia del crimen /
Statement of responsibility, etc. Mario Puzo en colaboración con Carol Gino
250 ## - EDITION STATEMENT
Edition statement Primera edición
260 ## - PUBLICATION, DISTRIBUTION, ETC.
Place of publication, distribution, etc. Bogota :
Name of publisher, distributor, etc. Emecé,
Date of publication, distribution, etc. 2017
300 ## - PHYSICAL DESCRIPTION
Extent 468 páginas ;
Dimensions 19 cm.
490 0# - SERIES STATEMENT
Series statement Grandes éxitos
490 0# - SERIES STATEMENT
Series statement Grandes novelistas
500 ## - GENERAL NOTE
General note Incluye datos biográficos del autor en contraportada.
500 ## - GENERAL NOTE
General note Título original: The family.
520 ## - SUMMARY, ETC.
Summary, etc. Mientras la implacable peste negra asolaba Europa, una nueva cultura empezaba a florecer en las ciudades y el estudio de las grandes civilizaciones clásicas iniciaba una época de esplendor para las artes, las letras y las ciencias. En Roma, la restauración de un único trono papal auguraba una nueva etapa de poder y fausto del papado, pero al mismo tiempo la corrupción amenazaba a la iglesia. Altos mandatarios eclesiásticos visitaban los burdeles y mantenían a varios amantes, aceptaban sobornos y comercializaban con las bulas papales que perdonaban los pecados más atroces. Así era la vida en el renacimiento. Así era el mundo de Alejandro VI, el Papa Borgia, y de sus hijos César, Juan, Lucrecia y Jofre. Esta es su historia, el retrato fascinante de una familia cuya ambición y sed de poder la llevaría a la cima del mundo, la crónica del alto precio que pagaron por ello.<br/>
546 ## - LANGUAGE NOTE
Language note Traducido del inglés
650 14 - SUBJECT ADDED ENTRY--TOPICAL TERM
Topical term or geographic name entry element Novela estadounidense
9 (RLIN) 169
650 14 - SUBJECT ADDED ENTRY--TOPICAL TERM
Topical term or geographic name entry element Familia Borgia
General subdivision ficción
9 (RLIN) 190
650 14 - SUBJECT ADDED ENTRY--TOPICAL TERM
Topical term or geographic name entry element Italia
General subdivision historia ficción 1492-1559
9 (RLIN) 170
650 14 - SUBJECT ADDED ENTRY--TOPICAL TERM
Topical term or geographic name entry element Nobleza
General subdivision ficción
9 (RLIN) 169
700 ## - ADDED ENTRY--PERSONAL NAME
Personal name Gino, Carol,
Relator term autora
9 (RLIN) 171
942 ## - ADDED ENTRY ELEMENTS (KOHA)
Source of classification or shelving scheme Dewey Decimal Classification
Koha item type Books
Existencias
Withdrawn status Lost status Source of classification or shelving scheme Damaged status Not for loan Collection code Home library Current library Shelving location Date acquired Source of acquisition Cost, normal purchase price Total Checkouts Total Renewals Full call number Barcode Date last seen Date last checked out Copy number Price effective from Koha item type
    Dewey Decimal Classification     Fiction Biblioteca Pública José María del Castillo y Rada Biblioteca Pública José María del Castillo y Rada Fiction 12/19/2019 Donación 0.00 17 14 A-N PUZb 201809668 02/27/2026 02/27/2026 Ej.1 02/04/2020 Books